Catalog

Record Details

Catalog Search



Available copies

  • 1 of 2 copies available at LARL/NWRL Consortium.

Current holds

0 current holds with 2 total copies.

Show Only Available Copies
Location Call Number / Copy Notes Barcode Shelving Location Status Due Date
Detroit Lakes Public Library SF BIR (Text) 33500014307599 New Available -
Detroit Lakes Public Library SF BIR (Text) 33500014307607 New Checked out 07/20/2026

Record details

  • ISBN: 9780008732981
  • ISBN: 0008732981
  • Physical Description: 411 pages ; 20 cm
  • Publisher: London : One More Chapter, 2025.

Content descriptions

Summary, etc.:
"In the whimsical world of Tangleroot Valley, ... Read More
Subject: Magic > Fiction.
Witches > Fiction.
Cats > Fiction.
Friendship > Fiction.
Familiars (Spirits) > Fiction.
Quests (Expeditions) > Fiction.
Cats > Fiction.
Chimera (Greek mythology) > Fiction.
Mythical animals > Fiction.
Magic > Fiction.
Pumpkins > Fiction.
Farmers > Fiction.
Witches > Fiction.
Siblings > Fiction.
Familiars (Spirits) > Fiction.
Genre: Romance fiction.
Fantasy fiction.
Fantasy fiction.
Romance fiction.
Witch fiction.
LDR 02952cam a2200697 i 4500
001470701
003LARL_NWRL_CONSORTIUM
00520251128200029.0
008250430t20252025enk j 000 1 eng d
007t|
040 . ‡aYDX ‡beng ‡erda ‡cYDX ‡dOCLCO ‡dIG# ‡dUKMGB ‡dOCLCO ‡dSINLB ‡dHQD ‡dNZAUC ‡dIJ5 ‡dOCLCO ‡dCNCAR ‡dBDX ‡dFMG
015 . ‡aGBC549067 ‡2bnb
0167 . ‡a300553218 ‡2Uk
020 . ‡a9780008732981 ‡q(paperback)
020 . ‡a0008732981 ‡q(paperback)
020 . ‡z9780008732974 ‡q(ebook)
0248 . ‡aCIPO000234404
035 . ‡a(OCoLC)1517609336
08204. ‡a823.92 ‡223
1001 . ‡aBirch, Samantha, ‡eauthor. ‡1https://id.oclc.org/worldcat/entity/E39PCjxHtfKxrXXTBcq99rpmJP
24510. ‡aCat dragon / ‡cSamantha Birch.
264 1. ‡aLondon : ‡bOne More Chapter, ‡c2025.
264 4. ‡c©2025
300 . ‡a411 pages ; ‡c20 cm
336 . ‡atext ‡btxt ‡2rdacontent
337 . ‡aunmediated ‡bn ‡2rdamedia
338 . ‡avolume ‡bnc ‡2rdacarrier
4900 . ‡aTangleroot Valley ; ‡v1
520 . ‡a"In the whimsical world of Tangleroot Valley, magic flows like the seasons, and every witch has her cat dragon – except Aloysia Papplewick. She’s far from bonding with her fiery feline familiar, and with her magical farm in chaos, her prattling pumpkin patch meddling in her life and the annual Harvest Festival to prepare for, Aloysia has enough to handle – even before her best friend’s insufferable brother, Hollis, brings danger and distraction to her door.When she and Hollis are whisked away on a quest to a mysterious mountain, Aloysia must contend with magic, mayhem – and a spark she never expected."--Back cover.
650 0. ‡aMagic ‡vFiction. ‡0(LARL_NWRL_CONSORTIUM)165984
650 0. ‡aWitches ‡vFiction. ‡0(LARL_NWRL_CONSORTIUM)168002
650 0. ‡aCats ‡vFiction. ‡0(LARL_NWRL_CONSORTIUM)164102
650 0. ‡aFriendship ‡vFiction. ‡0(LARL_NWRL_CONSORTIUM)164944
650 0. ‡aFamiliars (Spirits) ‡vFiction.
650 0. ‡aQuests (Expeditions) ‡vFiction. ‡0(LARL_NWRL_CONSORTIUM)166982
650 1. ‡aCats ‡vFiction. ‡0(LARL_NWRL_CONSORTIUM)164102
650 1. ‡aChimera (Greek mythology) ‡vFiction.
650 1. ‡aMythical animals ‡vFiction.
650 1. ‡aMagic ‡vFiction. ‡0(LARL_NWRL_CONSORTIUM)165984
650 1. ‡aPumpkins ‡vFiction.
650 1. ‡aFarmers ‡vFiction. ‡0(LARL_NWRL_CONSORTIUM)164983
650 1. ‡aWitches ‡vFiction. ‡0(LARL_NWRL_CONSORTIUM)168002
650 1. ‡aSiblings ‡vFiction.
650 1. ‡aFamiliars (Spirits) ‡vFiction.
655 0. ‡aRomance fiction.
655 0. ‡aFantasy fiction.
655 7. ‡aFantasy fiction. ‡2lcgft
655 7. ‡aRomance fiction. ‡2lcgft
655 7. ‡aWitch fiction. ‡2lcgft
901 . ‡a470701 ‡bOCoLC ‡c470701 ‡tbiblio ‡soclc

Additional Resources